00233 a2200109 4500001000700000020000600007040001100013100003300024240003100057245002600088362000900114167290 a  cMagnum aNeves, Maria Helena de Moura10aA gramatica funcionallpor10aA gramatica funcional0 a1899